000 00685nam a22002177a 4500
005 20140108130259.0
010 _aENG-108958
020 _a9788183165198
_c225.00
035 _aEN-92491
037 _bDBAD/PUB
082 _a371.334
100 _aVanaja, M.
245 _aInformation and communication technology (ICT) in education /
_cby M. Vanaja, S. Rajasekar [and] S. Arulsamy
260 _aHyderabad
_bNeelkamal Publications
_c2014
270 _aSultan Bazar
_bHyderabad
_e500095
300 _axvi,348p.
_c24cm(pbk)
500 _aIncludes bibliographical references
700 _aRajasekar, S.
700 _aArulsamy, S.
942 _2ddc
_cEN
_mVAN
_h371.334
999 _c81598
_d81598